Statistics for RB Leipzig all-time top scorers

Click here to take the quiz!

General Stats

  • This quiz has been taken 10 times
  • The average score is 5 of 10

Answer Stats

GoalsNationalityPlayer% Correct
113GermanyTimo Werner
100%
71SwedenEmil Forsberg
89%
52AustriaMarcel Sabitzer
78%
89DenmarkYussuf Poulsen
78%
28SpainDani Olmo
67%
70FranceChristopher Nkunku
33%
28HungaryWilli Orbán
33%
87GermanyDaniel Frahn
0%
34GermanyDominik Kaiser
0%
27GermanyStefan Kutschke
0%

Score Distribution

Percentile by Number Answered

Percent of People with Each Score

Your Score History

You have not taken this quiz